[Event "Frankfurt-chA"]
[Site "Frankfurt"]
[Date "2019.06.17"]
[Round "7"]
[White "Both, Guenter"]
[Black "Muehlbach, Christian"]
[Result "0-1"]
[WhiteElo "1506"]
[BlackElo "1689"]
[PlyCount "58"]
[EventDate "2019.04.29"]
[EventType "swiss"]
[EventRounds "7"]
[EventCountry "GER"]
[SourceTitle "EXT 2020"]
[Source "ChessBase"]
[SourceDate "2019.10.17"]
[SourceVersion "1"]
[SourceVersionDate "2019.10.17"]
[SourceQuality "1"]

1. e4 Nc6 2. d4 e5 3. d5 Nce7 4. Nf3 Ng6 5. c4 Bb4+ 6. Bd2 Bxd2+ 7. Qxd2 Nf6 8. Nc3 d6 9. h3 0-0 10. g3 a5 11. b3 h6 12. Bg2 Nh7 13. Nh2 f5 14. exf5 Bxf5 15. Be4 Ng5 16. Bxf5 Rxf5 17. h4 Nf3+ 18. Nxf3 Rxf3 19. h5 Ne7 20. g4 Qd7 21. Rg1 Raf8 22. Rg2 R8f4 23. Ne2 Rxg4 24. Rxg4 Qxg4 25. Ng3 b6 26. 0-0-0 a4 27. Qe2 Nf5 28. Nxf5 Rc3+ 29. Kd2 Rc2+ 0-1

[Event "Frankfurt-chA"]
[Site "Frankfurt"]
[Date "2019.06.03"]
[Round "6"]
[White "Muehlbach, Christian"]
[Black "Burkart, Lloyd Shang"]
[Result "1/2-1/2"]
[WhiteElo "1689"]
[BlackElo "1484"]
[PlyCount "65"]
[EventDate "2019.04.29"]
[EventType "swiss"]
[EventRounds "7"]
[EventCountry "GER"]
[SourceTitle "EXT 2020"]
[Source "ChessBase"]
[SourceDate "2019.10.17"]
[SourceVersion "1"]
[SourceVersionDate "2019.10.17"]
[SourceQuality "1"]

1. Nf3 Nf6 2. d3 d5 3. Nbd2 Bf5 4. g3 e6 5. Bg2 h6 6. 0-0 Bc5 7. c3 0-0 8. Qc2 c6 9. e4 Bh7 10. Re1 Nbd7 11. a4 a5 12. Qb3 Qb6 13. d4 Qxb3 14. Nxb3 Bb6 15. e5 Ne4 16. Nfd2 Nxd2 17. Bxd2 c5 18. dxc5 Nxc5 19. Nxc5 Bxc5 20. Be3 Rac8 21. Bf1 b6 22. Bb5 Rfd8 23. Rad1 Be4 24. Bd4 Bxd4 25. Rxd4 Kf8 26. Ba6 Ra8 27. Bb5 Rac8 28. f4 Bf5 29. Kg2 h5 30. Kf3 Ke7 31. Ke3 Rc7 32. Kd2 Rdc8 33. Ba6 1/2-1/2

[Event "Karl Mala Memorial op-A 17th"]
[Site "Frankfurt"]
[Date "2014.08.01"]
[Round "2"]
[White "Muehlbach, Christian"]
[Black "Cook, Thomas G"]
[Result "0-1"]
[WhiteElo "1699"]
[BlackElo "2122"]
[PlyCount "60"]
[EventDate "2014.07.31"]
[EventType "swiss"]
[EventRounds "7"]
[EventCountry "GER"]
[SourceTitle "EXT 2015"]
[Source "ChessBase"]
[SourceDate "2014.11.20"]
[SourceVersion "1"]
[SourceVersionDate "2014.11.20"]
[SourceQuality "1"]

1. Nf3 Nf6 2. g3 g6 3. Bg2 Bg7 4. 0-0 0-0 5. d3 d5 6. Nbd2 c5 7. Re1 d4 8. e4 dxe3 9. fxe3 Nc6 10. Nc4 Nd5 11. Qe2 e5 12. e4 Nc7 13. Be3 b5 14. Ncd2 Nd4 15. Bxd4 cxd4 16. a4 a6 17. axb5 axb5 18. Rxa8 Nxa8 19. Ra1 Be6 20. Qf1 Qc7 21. Qb1 Bh6 22. Ra3 Nb6 23. b4 Rc8 24. Nb3 Na4 25. Na1 f6 26. Qf1 Bf8 27. Nxd4 Qb6 28. Qxf6 Qxd4+ 29. Kf1 Re8 30. Nb3 Qb2 0-1

[Event "Frankfurt-chA"]
[Site "Frankfurt"]
[Date "2014.05.12"]
[Round "3"]
[White "Kulenovic, Adnan"]
[Black "Muehlbach, Christian"]
[Result "0-1"]
[WhiteElo "1913"]
[BlackElo "1683"]
[PlyCount "114"]
[EventDate "2014.04.28"]
[EventType "swiss"]
[EventRounds "7"]
[EventCountry "GER"]
[SourceTitle "EXT 2015"]
[Source "ChessBase"]
[SourceDate "2014.11.20"]
[SourceVersion "1"]
[SourceVersionDate "2014.11.20"]
[SourceQuality "1"]

1. e3 c5 2. d4 Nf6 3. Nf3 g6 4. Be2 Bg7 5. 0-0 b6 6. Ne5 Bb7 7. Bf3 d5 8. c4 0-0 9. dxc5 Qc7 10. Nd3 bxc5 11. Qb3 Nc6 12. cxd5 Na5 13. Qc2 Bxd5 14. Qxc5 Qxc5 15. Nxc5 Bxf3 16. gxf3 Rac8 17. Na4 Rfd8 18. Bd2 Nc4 19. Bc3 Rd3 20. b3 Nd6 21. Be5 Nb5 22. Nb2 Rd5 23. f4 Rc2 24. Nc4 Ne4 25. Bxg7 Kxg7 26. a4 Nbc3 27. Nba3 Ra2 28. Rxa2 Nxa2 29. Nb5 Rd3 30. Nxa7 Rxb3 31. Ra1 Nb4 32. a5 Na6 33. Ra2 Kf6 34. Rb2 Nec5 35. Rxb3 Nxb3 36. Nc6 Ke6 37. e4 f6 38. Kf1 Kd7 39. Na7 Nd4 40. Kg2 Kc7 41. Nb6 Nc5 42. f3 Nb7 43. Kf2 Nxa5 44. Nac8 Nac6 45. Ke3 Ne6 46. f5 Nf8 47. fxg6 hxg6 48. Kf4 e5+ 49. Kg4 Nd7 50. h4 Nxb6 51. Nxb6 Kxb6 52. h5 gxh5+ 53. Kxh5 Kc5 54. Kg6 Kd4 55. Kxf6 Ke3 56. Ke6 Kxf3 57. Kd5 Ke3 0-1

[Event "Frankfurt-chA"]
[Site "Frankfurt"]
[Date "2014.04.28"]
[Round "1"]
[White "Schwenkreis, Thomas"]
[Black "Muehlbach, Christian"]
[Result "1-0"]
[WhiteElo "2064"]
[BlackElo "1683"]
[PlyCount "91"]
[EventDate "2014.04.28"]
[EventType "swiss"]
[EventRounds "7"]
[EventCountry "GER"]
[SourceTitle "EXT 2015"]
[Source "ChessBase"]
[SourceDate "2014.11.20"]
[SourceVersion "1"]
[SourceVersionDate "2014.11.20"]
[SourceQuality "1"]

1. e4 c6 2. d3 g6 3. Be2 Bg7 4. c3 d6 5. Nf3 Nf6 6. Nbd2 Na6 7. Nf1 Bg4 8. h3 Bxf3 9. Bxf3 e5 10. Bg5 Qb6 11. Qc2 Rc8 12. Ne3 0-0 13. 0-0 h6 14. Bh4 Qc7 15. b4 Nh7 16. Qb3 Rce8 17. Rfd1 Ng5 18. Bxg5 hxg5 19. a4 Kh7 20. g4 Qe7 21. Ra2 Qf6 22. Bg2 Qf4 23. Nc4 Re6 24. Re2 f5 25. Ne3 Ref6 26. exf5 gxf5 27. Nxf5 d5 28. Ng3 Rh6 29. c4 Nc7 30. Nh5 Qf7 31. Nxg7 Kxg7 32. Qb2 d4 33. Rxe5 Ne6 34. Rde1 Rf6 35. R5e2 Kh6 36. Rd2 Kg7 37. b5 c5 38. Bd5 Qd7 39. Rde2 Re8 40. Qd2 Nf4 41. Rxe8 Nxh3+ 42. Kf1 Qxg4 43. R1e7+ Kh6 44. Rh8+ Kg6 45. Rxh3 Qxh3+ 46. Bg2 1-0

[Event "Karl Mala Memorial op-A 16th"]
[Site "Frankfurt"]
[Date "2013.07.13"]
[Round "5"]
[White "Muehlbach, Christian"]
[Black "Berkes, Joerg"]
[Result "1/2-1/2"]
[WhiteElo "1715"]
[BlackElo "1787"]
[PlyCount "94"]
[EventDate "2013.07.11"]
[EventType "swiss"]
[EventRounds "7"]
[EventCountry "GER"]
[SourceTitle "EXT 2014"]
[Source "ChessBase"]
[SourceDate "2013.11.20"]
[SourceVersion "1"]
[SourceVersionDate "2013.11.20"]
[SourceQuality "1"]

1. Nf3 d5 2. c4 d4 3. g3 g6 4. Bg2 Bg7 5. d3 c5 6. Na3 Nc6 7. Nc2 Nf6 8. 0-0 e5 9. a3 a5 10. Rb1 a4 11. Bd2 0-0 12. b4 axb3 13. Rxb3 Qe7 14. Qb1 Ra7 15. Qb2 e4 16. Ng5 Bf5 17. Rb1 e3 18. fxe3 Ng4 19. e4 Bc8 20. Re1 Ne3 21. Nf3 Nxg2 22. Kxg2 f5 23. exf5 Rxf5 24. Qc1 Qd7 25. Rh1 Rxf3 26. exf3 Qh3+ 27. Kg1 Ne5 28. Qf1 Qf5 29. Ne1 Bd7 30. Bf4 Bc6 31. Bxe5 Qxe5 32. Kf2 Qe3+ 33. Kg2 Ra8 34. Qf2 Qg5 35. h4 Qf5 36. Nc2 Rf8 37. Rf1 Rf7 38. Rb6 Bd7 39. Rb3 Be5 40. Rh1 Ba4 41. Rhb1 Bc6 42. Rf1 Qg4 43. Ne1 Bc7 44. Rb2 Bd8 45. Kh2 Qh5 46. Re2 Bc7 47. Kg1 Qf5 1/2-1/2

[Event "Karl Mala Memorial op 12th"]
[Site "Frankfurt"]
[Date "2009.07.17"]
[Round "2"]
[White "Muehlbach, Christian"]
[Black "Ohnesorg, Felix"]
[Result "0-1"]
[WhiteElo "1747"]
[BlackElo "1819"]
[PlyCount "60"]
[EventDate "2009.07.16"]
[EventType "swiss"]
[EventRounds "7"]
[EventCountry "GER"]
[SourceTitle "EXT 2010"]
[Source "ChessBase"]
[SourceDate "2010.11.25"]
[SourceVersion "1"]
[SourceVersionDate "2010.11.25"]
[SourceQuality "1"]

1. e4 e5 2. Nf3 Nc6 3. Bc4 Bc5 4. b4 Bxb4 5. c3 Be7 6. d4 exd4 7. cxd4 Bb4+ 8. Bd2 Bxd2+ 9. Qxd2 d6 10. Nc3 Nge7 11. 0-0 0-0 12. Rfd1 Bg4 13. Qf4 Bxf3 14. Qxf3 Na5 15. Bd3 c6 16. Qh5 g6 17. Qg5 f6 18. Qg4 d5 19. h4 f5 20. exf5 Nxf5 21. h5 Qf6 22. Ne2 Rae8 23. Rf1 Nc4 24. Bxf5 Qxf5 25. Qxf5 gxf5 26. Ng3 f4 27. Nh1 Re4 28. Rfd1 f3 29. Ng3 Ref4 30. gxf3 Rxf3 0-1

[Event "Rhein Main op 12th"]
[Site "Bad Homburg"]
[Date "2009.06.13"]
[Round "5"]
[White "Peter, Falco"]
[Black "Muehlbach, Christian"]
[Result "0-1"]
[WhiteElo "1744"]
[BlackElo "1519"]
[PlyCount "76"]
[EventDate "2009.06.10"]
[EventType "swiss"]
[EventRounds "7"]
[EventCountry "GER"]
[SourceTitle "CBM 131 Extra"]
[Source "ChessBase"]
[SourceDate "2009.09.03"]
[SourceVersion "2"]
[SourceVersionDate "2009.09.16"]
[SourceQuality "1"]

1. d4 Nf6 2. Bf4 d6 3. c3 Bf5 4. h3 Nbd7 5. e3 e5 6. Bh2 Be7 7. Nf3 exd4 8. cxd4 0-0 9. Nbd2 Re8 10. Bb5 c6 11. Be2 d5 12. 0-0 Nf8 13. Nh4 Bg6 14. Nxg6 Nxg6 15. Re1 Bd6 16. Rc1 Re7 17. a3 Bxh2+ 18. Kxh2 Qd6+ 19. Kg1 Rae8 20. Bd3 Ne4 21. Bxe4 dxe4 22. Qg4 Qe6 23. Qxe6 Rxe6 24. Red1 f5 25. b4 Ne7 26. g3 a6 27. Nb3 Nd5 28. Nc5 R6e7 29. Kh2 g5 30. Rg1 Kf7 31. Rge1 f4 32. Kg2 Kg6 33. Kf1 fxg3 34. f4 exf3 35. e4 Nf4 36. Rc3 g2+ 37. Kg1 Nxh3+ 38. Kh2 f2 0-1

[Event "Rhein Main op 12th"]
[Site "Bad Homburg"]
[Date "2009.06.12"]
[Round "4"]
[White "Muehlbach, Christian"]
[Black "Lessmann, Sven"]
[Result "0-1"]
[WhiteElo "1519"]
[BlackElo "1212"]
[PlyCount "80"]
[EventDate "2009.06.10"]
[EventType "swiss"]
[EventRounds "7"]
[EventCountry "GER"]
[SourceTitle "CBM 131 Extra"]
[Source "ChessBase"]
[SourceDate "2009.09.03"]
[SourceVersion "2"]
[SourceVersionDate "2009.09.16"]
[SourceQuality "1"]

1. e4 c6 2. d4 d5 3. exd5 cxd5 4. c4 Nf6 5. Nc3 Bf5 6. Nf3 e6 7. Bg5 Be7 8. cxd5 exd5 9. Bb5+ Nbd7 10. Bxf6 Bxf6 11. Nxd5 0-0 12. Nxf6+ Nxf6 13. 0-0 Qb6 14. Qe2 Nd5 15. Bc4 Rfe8 16. Qd2 Rad8 17. Rfe1 Be6 18. Rad1 Rd6 19. b3 Red8 20. Bd3 Nf6 21. Qg5 h6 22. Qf4 Kf8 23. h3 Qa5 24. Re2 Nd5 25. Qd2 Nc3 26. Kh2 Qc7 27. Re5 Nxd1 28. Qxd1 f6 29. Rc5 Rc6+ 30. Kg1 Rxc5 31. dxc5 Qxc5 32. Qe2 Qd6 33. Ne1 Re8 34. Qh5 Bf7 35. Qa5 Rxe1+ 36. Qxe1 Qxd3 37. Qb4+ Kg8 38. Qxb7 Qb1+ 39. Kh2 Qxa2 40. Qb8+ Kh7 0-1

[Event "Rhein Main op 12th"]
[Site "Bad Homburg"]
[Date "2009.06.11"]
[Round "2"]
[White "Muehlbach, Christian"]
[Black "Schutzmann, Henry"]
[Result "0-1"]
[WhiteElo "1519"]
[BlackElo "1870"]
[PlyCount "64"]
[EventDate "2009.06.10"]
[EventType "swiss"]
[EventRounds "7"]
[EventCountry "GER"]
[SourceTitle "CBM 131 Extra"]
[Source "ChessBase"]
[SourceDate "2009.09.03"]
[SourceVersion "2"]
[SourceVersionDate "2009.09.16"]
[SourceQuality "1"]

1. e4 c5 2. Nc3 d6 3. f4 Nc6 4. Nf3 g6 5. Bb5 Bg7 6. 0-0 Nf6 7. d3 0-0 8. Bxc6 bxc6 9. Nh4 e5 10. fxe5 Ng4 11. Nf3 Nxe5 12. Qe1 Nxf3+ 13. Rxf3 Be6 14. Bf4 Rb8 15. b3 Qa5 16. Na4 Qd8 17. Rb1 h5 18. Nb2 g5 19. Bd2 d5 20. Rf1 dxe4 21. Qxe4 Qd4+ 22. Qxd4 Bxd4+ 23. Kh1 g4 24. Na4 Rb5 25. Nc3 Rb7 26. Ne4 Bd5 27. Nf6+ Bxf6 28. Rxf6 h4 29. Kg1 Re7 30. Bc3 Re6 31. Rbf1 h3 32. Rh6 Rxh6 0-1

[Event "Rhein Main op 11th"]
[Site "Bad Homburg"]
[Date "2008.05.25"]
[Round "7"]
[White "Muehlbach, Christian"]
[Black "Spinnler, Wolfgang"]
[Result "1-0"]
[WhiteElo "1470"]
[BlackElo "1788"]
[PlyCount "45"]
[EventDate "2008.05.21"]
[EventType "swiss"]
[EventRounds "7"]
[EventCountry "GER"]
[SourceTitle "CBM 124 Extra"]
[Source "ChessBase"]
[SourceDate "2008.07.03"]
[SourceVersion "1"]
[SourceVersionDate "2008.07.03"]
[SourceQuality "1"]

1. e4 d5 2. exd5 Qxd5 3. Nc3 Qd6 4. g3 Nf6 5. Bg2 a6 6. d3 e6 7. Nf3 Nc6 8. 0-0 Be7 9. Re1 0-0 10. Bf4 Qd7 11. a3 Rb8 12. Qe2 Bd6 13. Bd2 b5 14. Ne4 Nxe4 15. dxe4 f6 16. Rad1 e5 17. Be3 Qe7 18. Qd3 Bg4 19. Qd5+ Be6 20. Qxc6 Bd7 21. Qd5+ Be6 22. Qd2 Rfe8 23. Qc1 1-0

[Event "Rhein Main op 11th"]
[Site "Bad Homburg"]
[Date "2008.05.22"]
[Round "2"]
[White "Marten, Gero"]
[Black "Muehlbach, Christian"]
[Result "1-0"]
[WhiteElo "2048"]
[BlackElo "1470"]
[PlyCount "67"]
[EventDate "2008.05.21"]
[EventType "swiss"]
[EventRounds "7"]
[EventCountry "GER"]
[SourceTitle "CBM 124 Extra"]
[Source "ChessBase"]
[SourceDate "2008.07.03"]
[SourceVersion "1"]
[SourceVersionDate "2008.07.03"]
[SourceQuality "1"]

1. Nf3 d5 2. d4 Nf6 3. c4 e6 4. Nc3 Be7 5. cxd5 exd5 6. Qc2 Nc6 7. a3 0-0 8. Bg5 Re8 9. e3 h6 10. Bf4 a6 11. Bd3 Be6 12. 0-0 Rc8 13. b4 Bd6 14. b5 Nb8 15. Ne5 c5 16. Rfc1 cxd4 17. exd4 axb5 18. Bxb5 Re7 19. Qb2 Rec7 20. h3 Ne4 21. Na4 Rxc1+ 22. Rxc1 Rxc1+ 23. Bxc1 Qe7 24. Nc3 Na6 25. Nxe4 dxe4 26. Nc4 Bc7 27. Qc3 Qd8 28. a4 Nc5 29. Ne3 Na6 30. d5 Bd7 31. Bb2 f6 32. Qc4 Bxb5 33. axb5 Nb8 34. d6+ 1-0

[Event "Frankfurt-ch"]
[Site "Frankfurt"]
[Date "2008.05.19"]
[Round "3"]
[White "Muehlbach, Christian"]
[Black "Richter, Edgar"]
[Result "1-0"]
[WhiteElo "1474"]
[BlackElo "1246"]
[PlyCount "75"]
[EventDate "2008.04.28"]
[EventType "swiss"]
[EventRounds "7"]
[EventCountry "GER"]
[SourceTitle "EXT 2009"]
[Source "ChessBase"]
[SourceDate "2008.11.26"]
[SourceVersion "1"]
[SourceVersionDate "2008.11.26"]
[SourceQuality "1"]

1. e4 e6 2. d4 d5 3. e5 Nd7 4. Nf3 c5 5. c3 cxd4 6. cxd4 Bb4+ 7. Nc3 Ne7 8. Bd3 f5 9. 0-0 0-0 10. Qc2 Nc6 11. a3 Ba5 12. Be3 a6 13. Ne2 Ne7 14. Nf4 Nb8 15. Ng5 Qe8 16. Ngxe6 Bxe6 17. Nxe6 Rf7 18. Rac1 h6 19. Nf4 Nbc6 20. Qb3 b5 21. Nxd5 Nxd5 22. Qxd5 Rc8 23. Bxf5 Ne7 24. Rxc8 Nxc8 25. Be6 Ne7 26. Bxf7+ Qxf7 27. Qa8+ Kh7 28. Qxa6 Bc7 29. Qxb5 Nd5 30. Qd3+ Kg8 31. b4 Qd7 32. Qb3 Kh8 33. Rc1 Bd8 34. b5 Nxe3 35. fxe3 Bg5 36. b6 Qb7 37. d5 Qxb6 38. Qxb6 1-0

[Event "Frankfurt-ch"]
[Site "Frankfurt"]
[Date "2008.04.28"]
[Round "1"]
[White "Muehlbach, Christian"]
[Black "Czikuss, Hans Joachim"]
[Result "0-1"]
[WhiteElo "1474"]
[BlackElo "1951"]
[PlyCount "72"]
[EventDate "2008.04.28"]
[EventType "swiss"]
[EventRounds "7"]
[EventCountry "GER"]
[SourceTitle "EXT 2009"]
[Source "ChessBase"]
[SourceDate "2008.11.26"]
[SourceVersion "1"]
[SourceVersionDate "2008.11.26"]
[SourceQuality "1"]

1. e4 c5 2. Nf3 Nc6 3. d4 cxd4 4. c3 Nf6 5. e5 Nd5 6. cxd4 d6 7. Bc4 Nb6 8. Be2 dxe5 9. dxe5 Qxd1+ 10. Bxd1 g6 11. Bb3 Bg7 12. e6 fxe6 13. 0-0 Na5 14. Bc2 Bd7 15. Be4 0-0 16. Nc3 Rac8 17. Re1 Nbc4 18. Nd1 b6 19. Rb1 Nd6 20. Bd3 Nc6 21. a3 b5 22. Ne3 a6 23. Bd2 Nf5 24. Ng4 Rfd8 25. Bf4 h5 26. Nge5 Nxe5 27. Nxe5 Be8 28. Be4 Bf6 29. Bf3 g5 30. Bc1 Rc5 31. Nc6 Bxc6 32. Bxh5 Bd5 33. Be2 Kf7 34. g4 Nh4 35. Be3 Rcc8 36. Red1 Nf3+ 0-1